00363nam a2200121Ia 4500001000900000003000500009008004100014010001100055040000900066100002700075245010900102260003000211dia_6610CHAP220117s2013 xx 000 0 und d a177913 cCHAP aAyala Oseguera, José aEstrategias de alimentación y formulación de raciones para vacas lecheras /c José Ayala Oseguera aMéxico :b UACh,c2013